Inside java™ 2 platform security: srchitecture, API design, and implementation- (E-BOOK) (Record no. 192042)
[ view plain ]
| 000 -LEADER | |
|---|---|
| fixed length control field | 01023 a2200169 4500 |
| 003 - CONTROL NUMBER IDENTIFIER | |
| control field | Nust |
| 005 - DATE AND TIME OF LATEST TRANSACTION | |
| control field | 20170207154029.0 |
| 040 ## - CATALOGING SOURCE | |
| Transcribing agency | Nust |
| 082 ## - DEWEY DECIMAL CLASSIFICATION NUMBER | |
| Classification number | 005.133 |
| 100 ## - MAIN ENTRY--PERSONAL NAME | |
| Personal name | Gong, Li |
| 245 ## - TITLE STATEMENT | |
| Title | Inside java™ 2 platform security: srchitecture, API design, and implementation- (E-BOOK) |
| Remainder of title | Li Gong and Garry Ellison |
| 250 ## - EDITION STATEMENT | |
| Edition statement | 2nd |
| 260 ## - PUBLICATION, DISTRIBUTION, ETC. | |
| Place of publication, distribution, etc. | New York |
| Name of publisher, distributor, etc. | The Sun |
| Date of publication, distribution, etc. | 2002 |
| 300 ## - PHYSICAL DESCRIPTION | |
| Extent | 262 p. |
| 505 ## - FORMATTED CONTENTS NOTE | |
| Formatted contents note | CHAPTER 1. COMPUTER AND NETWORK SECURITY FUNDAMENTALS(Page-9)CHAPTER 2. BASIC SECURITY FOR THE JAVA PROGRAMMING LANGUAGE(Page-25)CHAPTER 4. SECURE CLASS LOADING.(Page-37)CHAPTER 5. ELEMENTS OF SECURITY POLICY.(Page-49)CHAPTER 6. ENFORCING SECURITY POLICY(Page-72)CHAPTER 7. CUSTOMIZING THE SECURITY ARCHITECTURE (Page-92)CHAPTER 8. ESTABLISHING TRUST.(Page-102)CHAPTER 9. OBJECT SECURITY(Page-124)CHAPTER 10. PROGRAMMING CRYPTOGRAPHY(Page-139)CHAPTER 11. NETWORK SECURITY.(Page-189)CHAPTER 12. DEPLOYING THE SECURITY ARCHITECTURE.(Page-207)CHAPTER 13. OTHER PLATFORMS AND FUTURE DIRECTIONS(Page-242) |
| 650 ## - SUBJECT ADDED ENTRY--TOPICAL TERM | |
| Topical term or geographic name entry element | E-BOOK |
| 942 ## - ADDED ENTRY ELEMENTS (KOHA) | |
| Source of classification or shelving scheme | |
| Koha item type | Book |
| Withdrawn status | Lost status | Source of classification or shelving scheme | Damaged status | Not for loan | Collection code | Permanent Location | Current Location | Date acquired | Total Checkouts | Full call number | Barcode | Date last seen | Price effective from | Koha item type |
|---|---|---|---|---|---|---|---|---|---|---|---|---|---|---|
| Military College of Signals (MCS) | Military College of Signals (MCS) | 12/12/2016 | 005.133 GON | MCSEB-1192 | 12/08/2016 | 12/12/2016 | Book |
